Štatistická ročenka Slovenskej republiky 1993

Salvato in:
Dettagli Bibliografici
Natura: Libro
Lingua:slovacco
inglese
Pubblicazione: Bratislava Štatistický úrad SR 1994
Soggetti:
Tags: Aggiungi Tag
Nessun Tag, puoi essere il primo ad aggiungerne!!

MARC

LEADER 00000nam a2200000 4500
001 c005284
005 20260223115418.1
020 |a 80-8877-10-2 
041 0 |a slo 
041 0 |a eng 
044 |a SK 
245 1 0 |a Štatistická ročenka Slovenskej republiky 1993 
264 1 |a Bratislava  |b Štatistický úrad SR  |c 1994 
300 |a 607 s. 
610 2 0 |a Slovensko 
610 2 0 |a 1960-1992